MARC

LEADER 00000nam0a2200000 4500
001 374141
005 20231102012628.0
010 |a 5289006613 
035 |a (RuTPU)RU\TPU\retro\31575 
035 |a RU\TPU\book\311328 
090 |a 374141 
100 |a 20221216d1990 m y0rusy50 ca 
101 0 |a rus 
102 |a RU 
105 |a a z 000ay 
200 1 |a Сказки для умных  |e повести и рассказы  |f В. С. Шефнер 
210 |a Ленинград  |c Лениздат  |d 1990 
215 |a 621 с.  |c ил. 
606 1 |a Русская литература современная  |2 stltpush  |3 (RuTPU)RU\TPU\subj\26373  |9 50316 
610 1 |a художественная литература 
610 1 |a фантастика 
610 1 |a сказки 
610 1 |a повести 
610 1 |a рассказы 
675 |a Р2  |v 4 
700 1 |a Шефнер  |b В. С.  |c русский поэт  |c прозаик  |f 1914/1915-2002  |g Вадим Сергеевич  |2 stltpush  |3 (RuTPU)RU\TPU\pers\14796  |4 070  |9 4974 
801 1 |a RU  |b 63413507  |c 20150311 
801 2 |a RU  |b 63413507  |c 20221216  |g RCR 
942 |c BK